[Event "Baku Open 2014"]
[Site "Baku AZE"]
[Date "2014.09.25"]
[Round "4.29"]
[White "Nugumanov, Bakhtiyar"]
[Black "Mammadova, Narmin"]
[Result "1-0"]
[WhiteTitle "FM"]
[WhiteElo "2287"]
[BlackElo "2124"]
[WhiteFideId "13701797"]
[BlackFideId "13403710"]
[EventDate "2014.09.22"]

1. d4 d5 2. Nc3 Nf6 3. Bg5 Bf5 4. Bxf6 exf6 5. e3 c6 6. Bd3 Be6 7. Qf3 Qb6 8.
Nge2 Bd6 9. O-O Nd7 10. e4 dxe4 11. Nxe4 Be7 12. Nf4 Qxd4 13. c3 Qb6 14. Nxe6
fxe6 15. Qg4 O-O-O 16. Qxg7 Rhe8 17. Bc4 Bf8 18. Qxh7 Kb8 19. Rad1 Re7 20. Qh4
Bg7 21. Bb3 Qc7 22. Qg3 Ne5 23. Nc5 Rde8 24. Rd4 a5 25. Rfd1 f5 26. h3 Bf6 27.
Nxe6 Rxe6 28. Bxe6 Nf3+ 29. gxf3 Qxg3+ 30. fxg3 Bxd4+ 31. Rxd4 Rxe6 32. Kf2 Kc7
33. h4 Rh6 34. Kg2 Re6 35. Rd2 Re1 36. h5 b5 37. g4 f4 38. Kh3 Rf1 39. g5 Rxf3+
40. Kg4 Rf1 41. h6 f3 42. h7 f2 43. Rxf2 1-0

[Event "Baku Open 2014"]
[Site "Baku AZE"]
[Date "2014.09.25"]
[Round "4.30"]
[White "Abdulla, Khayala"]
[Black "Hojjatova, Aydan"]
[Result "1-0"]
[WhiteTitle "WIM"]
[BlackTitle "WCM"]
[WhiteElo "2269"]
[BlackElo "2014"]
[WhiteFideId "13401807"]
[BlackFideId "13401491"]
[EventDate "2014.09.22"]

1. e4 c5 2. Nf3 e6 3. d4 cxd4 4. Nxd4 Nf6 5. Nc3 Nc6 6. Be2 Bb4 7. O-O Bxc3 8.
bxc3 Nxe4 9. Bd3 d5 10. Nxc6 bxc6 11. Ba3 Nd6 12. Qg4 O-O 13. Qg3 e5 14. Qxe5
Nc4 15. Bxc4 Re8 16. Qg3 dxc4 17. Rad1 Qa5 18. Bc1 Bf5 19. h4 Re6 20. Rd4 Rae8
21. h5 h6 22. Rxc4 Qxa2 23. Rc5 Qxc2 24. Be3 Qd3 25. Ra1 a6 26. Kh2 Be4 27. Ra4
Rd8 28. Re5 Rxe5 29. Qxe5 Bf5 30. Rf4 Be6 31. Rd4 Rxd4 32. Bxd4 Kf8 33. Qd6+ Ke8
34. Qxc6+ Bd7 35. Qd6 f6 36. Qd5 Qf5 37. Qg8+ Ke7 38. Qxg7+ Ke6 39. Qxh6 Be8 40.
Qe3+ Kd7 41. h6 Bg6 42. f3 a5 43. c4 a4 44. Bb2 Bh7 45. Qd4+ Ke6 46. Qb6+ Kf7
47. Qc7+ Ke6 48. Qc8+ Kf7 49. Qc7+ Ke6 50. Qc8+ Kf7 51. Qxf5 Bxf5 52. c5 Bd7 53.
g4 Kg6 54. Kg3 Kxh6 55. Bxf6 1-0

[Event "Baku Open 2014"]
[Site "Baku AZE"]
[Date "2014.09.25"]
[Round "4.31"]
[White "Guliev, Logman"]
[Black "Andrenko, Irina"]
[Result "1/2-1/2"]
[WhiteTitle "IM"]
[BlackTitle "WIM"]
[WhiteElo "2377"]
[BlackElo "2199"]
[WhiteFideId "13400061"]
[BlackFideId "14118270"]
[EventDate "2014.09.22"]

1. e4 d6 2. d4 Nf6 3. Nc3 g6 4. g3 Bg7 5. Bg2 O-O 6. Nge2 c6 7. O-O e5 8. h3 b5
9. Be3 Qe7 10. a3 Bb7 11. Qd2 Nbd7 12. Rad1 Nb6 13. b3 Rad8 14. Kh2 d5 15. dxe5
Nxe4 16. Nxe4 dxe4 17. Qb4 Qxe5 18. Qxe4 Rfe8 19. Rxd8 Qxe4 20. Bxe4 Rxd8 21.
Nf4 Bf8 22. Nd3 Re8 23. Bf3 Nd7 24. Rd1 a5 25. a4 b4 26. Bg2 Nf6 27. Nf4 g5 28.
Nd3 h6 29. Bb6 Ra8 30. Ne5 Nd5 31. Nc4 Nxb6 32. Nxb6 Re8 33. Rd2 Ba6 34. Nd7 Re2
35. Rxe2 Bxe2 36. Bxc6 Bg7 37. Kg2 Bd4 38. Bf3 Bxf3+ 39. Kxf3 f5 40. Nb8 Kf7 41.
Nc6 Bb6 42. Ne5+ Ke6 43. Nc4 Bc7 44. g4 Kf6 45. Ne3 fxg4+ 46. Nxg4+ Kg6 47. Ke4
Kh5 48. Kf3 Bf4 49. Nf6+ Kh4 50. Kg2 Be5 51. Ng4 Bg7 52. Ne3 Be5 53. Nf5+ Kh5
54. Kf3 Kg6 55. Ke4 Bh2 56. Ne3 Kh5 57. Kf5 Bg1 58. Ng4 Kh4 59. f3 h5 60. Nf6
Bd4 61. Ne4 Be3 62. Nf6 Bd4 63. Ne4 Be3 64. Kg6 Bf4 65. Kf5 1/2-1/2

[Event "Baku Open 2014"]
[Site "Baku AZE"]
[Date "2014.09.25"]
[Round "4.32"]
[White "Atakisi, Umut"]
[Black "Zanan, Evgeny"]
[Result "1/2-1/2"]
[WhiteTitle "IM"]
[BlackTitle "FM"]
[WhiteElo "2343"]
[BlackElo "2303"]
[WhiteFideId "6301037"]
[BlackFideId "24101940"]
[EventDate "2014.09.22"]

1. e4 c5 2. Nf3 d6 3. Bb5+ Nd7 4. O-O a6 5. Bd3 Ngf6 6. Re1 b5 7. a4 b4 8. Bf1
Bb7 9. d3 g6 10. b3 Bg7 11. Bb2 O-O 12. Nbd2 Nxe4 13. Bxg7 Nxd2 14. Bxf8 Nxf3+
15. gxf3 Nxf8 16. d4 cxd4 17. Qxd4 e5 18. Qxb4 Bxf3 19. Qd2 Ne6 20. Qh6 Nd4 21.
Bd3 Qf6 22. Re3 e4 23. Rae1 d5 24. c3 Nxb3 25. Bc2 Nd2 26. Bd1 Rb8 27. a5 Rb2
28. Rd3 Qf5 29. h3 g5 30. Bxf3 Nxf3+ 31. Rxf3 1/2-1/2

[Event "Baku Open 2014"]
[Site "Baku AZE"]
[Date "2014.09.25"]
[Round "4.33"]
[White "Bayramov, Vugar"]
[Black "Alakhverdiev, Araz"]
[Result "1-0"]
[BlackTitle "FM"]
[WhiteElo "2254"]
[BlackElo "2277"]
[WhiteFideId "13400916"]
[BlackFideId "13610260"]
[EventDate "2014.09.22"]

1. d4 Nf6 2. Nf3 c5 3. d5 d6 4. Nc3 g6 5. e4 Bg7 6. Bg5 Bg4 7. Be2 O-O 8. Nd2
Bxe2 9. Qxe2 a6 10. a4 Nbd7 11. O-O Rb8 12. h3 Ne8 13. Ra3 Nc7 14. Rb3 Re8 15.
f4 Qc8 16. Kh1 b5 17. axb5 axb5 18. Nxb5 Nxb5 19. Rxb5 h6 20. Bh4 Qa6 21. c4
Rxb5 22. cxb5 Qa2 23. Nc4 Qa4 24. e5 dxe5 25. fxe5 Qxb5 26. e6 Ne5 27. exf7+
Nxf7 28. Rxf7 1-0

[Event "Baku Open 2014"]
[Site "Baku AZE"]
[Date "2014.09.25"]
[Round "4.34"]
[White "Shahaliyev, Ismayil"]
[Black "Asgarov, Mushfig"]
[Result "1/2-1/2"]
[WhiteElo "2206"]
[BlackElo "2260"]
[WhiteFideId "13406388"]
[BlackFideId "13401734"]
[EventDate "2014.09.22"]

1. e4 c5 2. Nf3 d6 3. d4 cxd4 4. Nxd4 Nf6 5. Nc3 a6 6. h3 e5 7. Nde2 Be6 8. g4
Nc6 9. Bg2 Be7 10. Be3 O-O 11. O-O Ne8 12. Qd2 h6 13. f4 exf4 14. Nxf4 Ne5 15.
b3 Nf6 16. Nce2 Bd7 17. Ng3 Bc6 18. a4 Ng6 19. Rad1 Nh4 20. Bh1 Qc8 21. a5 g5
22. Nfh5 Nxh5 23. Nxh5 Qe6 24. Qd4 f6 25. Ng3 Qe5 26. Qxe5 dxe5 27. Bb6 Kf7 28.
Kf2 Bd8 29. Bxd8 Raxd8 30. Ke3 Rxd1 31. Rxd1 Ng6 32. Bg2 Nf4 33. Bf1 Kg6 34. Nf5
h5 35. Ne7+ Kg7 36. Nxc6 bxc6 37. gxh5 Kh6 38. Rd6 Kxh5 39. Rxc6 Kh4 40. Rxa6
Rc8 41. Bc4 Kxh3 42. Rxf6 g4 43. Rh6+ Kg3 44. a6 Rd8 45. Bd5 Rd7 46. b4 Ng2+ 47.
Kd2 Nf4 48. c4 Kf3 49. Rh1 g3 50. Rf1+ Kg4 51. b5 Rh7 52. Rg1 Rh2+ 53. Kc3 Ne2+
54. Kb3 Nxg1 55. a7 Rh8 56. b6 Nf3 57. b7 g2 58. a8=Q Rxa8 59. bxa8=Q g1=Q 60.
Qg8+ Ng5 61. Qc8+ Kg3 62. Qc7 Qb1+ 63. Ka4 Nf3 64. Qb7 Qa1+ 65. Kb5 Nd4+ 66. Kb6
Qb2+ 67. Kc7 Qa3 68. Kd7 Qf8 69. Qc7 Qg7+ 70. Kc8 Qf8+ 71. Qd8 Qc5+ 72. Kd7 Qa7+
73. Qc7 Qa4+ 74. Kd6 Qe8 75. Qg7+ Kf4 76. Qf6+ Ke3 77. Qg5+ Kf3 78. Qe7 Qb8+ 79.
Kd7 Nb3 80. Qd6 Qa7+ 81. Ke6 Qg7 82. Qxe5 Nc5+ 83. Kd6 Qa7 84. Qh5+ Ke3 85. Qh3+
Kd4 86. Qh8+ Kd3 87. Qc8 Kd4 88. Qc6 Qb8+ 89. Ke7 Qe5+ 90. Kf7 Qh5+ 91. Ke7 Qe5+
92. Kf7 Qh5+ 1/2-1/2

[Event "Baku Open 2014"]
[Site "Baku AZE"]
[Date "2014.09.27"]
[Round "6.11"]
[White "Wen, Yang"]
[Black "Maghsoodloo, Parham"]
[Result "1/2-1/2"]
[WhiteTitle "GM"]
[WhiteElo "2598"]
[BlackElo "2321"]
[WhiteFideId "8602956"]
[BlackFideId "12539929"]
[EventDate "2014.09.22"]

1. d4 Nf6 2. c4 g6 3. g3 Bg7 4. Bg2 d5 5. cxd5 Nxd5 6. e4 Nb6 7. Ne2 O-O 8. O-O
c6 9. Nbc3 Bg4 10. f3 Be6 11. b3 a5 12. Be3 Na6 13. Rb1 f5 14. h3 fxe4 15. fxe4
Rxf1+ 16. Qxf1 Bf7 17. Qf2 Nb4 18. Nf4 Qe8 19. a3 Na6 20. d5 Nd7 21. Bd4 Ne5 22.
Na4 b5 23. Nb6 Rd8 24. Qb2 Nf3+ 25. Bxf3 e5 26. Bc3 b4 27. Ne6 Bxe6 28. axb4
cxd5 29. bxa5 dxe4 30. Bxe4 Nc5 31. Bg2 Nxb3 32. Re1 Qb5 33. Kh2 Qc5 34. Na4 Qc4
35. Re4 Qa6 36. Rb4 Qxa5 37. Rb8 Qc7 38. Rb7 Qc4 39. Bxe5 Bf8 40. Nb6 Qd3 41.
Bf6 Nc5 42. Bxd8 Nxb7 43. Bc7 Nc5 44. Qf6 Qf5 45. Qd8 Nd7 46. Nxd7 Bxd7 47. Bd6
Be6 1/2-1/2

[Event "Baku Open 2014"]
[Site "Baku AZE"]
[Date "2014.09.27"]
[Round "6.12"]
[White "Givon, Asaf"]
[Black "Malakhatko, Vadim"]
[Result "0-1"]
[WhiteTitle "IM"]
[BlackTitle "GM"]
[WhiteElo "2431"]
[BlackElo "2542"]
[WhiteFideId "2801841"]
[BlackFideId "14104202"]
[EventDate "2014.09.22"]

1. e4 e6 2. d4 d5 3. Nc3 Nf6 4. e5 Nfd7 5. f4 c5 6. Nf3 Nc6 7. Be3 Be7 8. Qd2
O-O 9. dxc5 Bxc5 10. Bxc5 Nxc5 11. O-O-O b6 12. Bb5 Ne7 13. Nd4 Bb7 14. Qe3 a6
15. Bd3 Nc6 16. Nce2 Nb4 17. Kb1 a5 18. f5 Nbxd3 19. cxd3 exf5 20. Nxf5 Bc8 21.
Nd6 Bg4 22. Rd2 Qd7 23. Nf4 f6 24. Nxd5 fxe5 25. Nxb6 Qxd6 26. Nxa8 Bf5 27. Ka1
Rxa8 28. d4 Ne4 29. Rdd1 a4 30. dxe5 Qxe5 31. Qd4 Qxd4 32. Rxd4 Nc5 33. b4 axb3
34. Rd2 Bc2 35. Kb2 Rxa2+ 0-1

[Event "Baku Open 2014"]
[Site "Baku AZE"]
[Date "2014.09.27"]
[Round "6.13"]
[White "Baron, Tal"]
[Black "Golubov, Saveliy"]
[Result "1-0"]
[WhiteTitle "GM"]
[WhiteElo "2513"]
[BlackElo "2347"]
[WhiteFideId "2809958"]
[BlackFideId "24176729"]
[EventDate "2014.09.22"]

1. e4 e6 2. d4 d5 3. Nc3 Bb4 4. e5 c5 5. a3 Bxc3+ 6. bxc3 Ne7 7. Qg4 O-O 8. Bd3
Nbc6 9. Qh5 Ng6 10. Nf3 Qc7 11. Be3 c4 12. Bxg6 fxg6 13. Qg4 Bd7 14. h4 Rf5 15.
h5 gxh5 16. Rxh5 Rxh5 17. Qxh5 Rf8 18. Kd2 Rf5 19. Qh3 Be8 20. Nh4 Bg6 21. Nxg6
hxg6 22. Rh1 Rh5 23. Qxe6+ Qf7 24. Qc8+ Qf8 25. Qxf8+ Kxf8 26. Rb1 b6 27. Rb5
Ne7 28. a4 Rh2 29. g3 g5 30. Ke2 g4 31. Bf4 Ng6 32. Bg5 Rh5 33. Be3 Ne7 34. a5
Rh2 35. axb6 axb6 36. Bf4 Nf5 37. Rxd5 g5 38. e6 1-0

[Event "Baku Open 2014"]
[Site "Baku AZE"]
[Date "2014.09.27"]
[Round "6.14"]
[White "Manik, Mikulas"]
[Black "Romanishin, Oleg M"]
[Result "1/2-1/2"]
[WhiteTitle "GM"]
[BlackTitle "GM"]
[WhiteElo "2385"]
[BlackElo "2502"]
[WhiteFideId "14900734"]
[BlackFideId "14100088"]
[EventDate "2014.09.22"]

1. e4 e5 2. Nf3 Nc6 3. d4 exd4 4. Nxd4 Bc5 5. Nb3 Bb4+ 6. c3 Be7 7. Bf4 d6 8.
Bc4 Nf6 9. N1d2 O-O 10. O-O Be6 11. Re1 a5 12. a4 Nxe4 13. Bxe6 Nxd2 14. Bd5 1/2-1/2

[Event "Baku Open 2014"]
[Site "Baku AZE"]
[Date "2014.09.27"]
[Round "6.15"]
[White "Rzayev, Bahruz"]
[Black "Kuzubov, Yuriy"]
[Result "0-1"]
[WhiteTitle "IM"]
[BlackTitle "GM"]
[WhiteElo "2416"]
[BlackElo "2663"]
[WhiteFideId "13403036"]
[BlackFideId "14112906"]
[EventDate "2014.09.22"]

1. e4 c6 2. d4 d5 3. Nd2 g6 4. c3 Bg7 5. Ngf3 Nh6 6. Bd3 O-O 7. O-O Nd7 8. Re1
Re8 9. e5 f6 10. Nf1 fxe5 11. dxe5 Nc5 12. Bc2 Bg4 13. h3 Bxf3 14. Qxf3 Rf8 15.
Qe2 Ne6 16. g3 Nf5 17. h4 Qe8 18. Ne3 Qf7 19. Rf1 Rad8 20. h5 d4 21. Nxf5 gxf5
22. h6 Bh8 23. f4 Qg6 24. g4 Qxh6 25. Bxf5 d3 26. Bxd3 Nxf4 27. Bc4+ Kg7 28. Qe3
b5 29. Bb3 Nh3+ 30. Kg2 Qh4 31. Bd2 Qxg4+ 32. Kh2 Qh4 33. Be1 Qh5 34. Rxf8 Ng5+
35. Kg2 Rxf8 36. Bd1 Qg6 37. Qg3 Qe4+ 38. Kh2 Kg6 39. Qh4 Bxe5+ 40. Kg1 Nf3+ 41.
Bxf3 Qxf3 42. Bd2 Bf4 43. Be1 Be3+ 44. Kh2 Qe2+ 45. Kh3 Qf1+ 0-1

[Event "Baku Open 2014"]
[Site "Baku AZE"]
[Date "2014.09.27"]
[Round "6.16"]
[White "Safarli, Eltaj"]
[Black "Aghayev, Nijat"]
[Result "1-0"]
[WhiteTitle "GM"]
[BlackTitle "IM"]
[WhiteElo "2655"]
[BlackElo "2401"]
[WhiteFideId "13402129"]
[BlackFideId "13402048"]
[EventDate "2014.09.22"]

1. e4 c5 2. Nf3 Nc6 3. Bb5 g6 4. Bxc6 bxc6 5. O-O Bg7 6. Re1 d6 7. h3 Nh6 8. c3
O-O 9. d4 cxd4 10. cxd4 f6 11. Nc3 Nf7 12. Be3 Qa5 13. Nd2 Rb8 14. Rc1 Qa6 15.
b3 Bd7 16. Nc4 Nd8 17. e5 d5 18. exf6 Bxf6 19. Bf4 Rb4 20. Ne5 Ne6 21. Nxd7 Nxf4
22. Nxf8 Rxd4 23. Qf3 Kxf8 24. Ne4 dxe4 25. Qxf4 Qxa2 26. Rxe4 Rxe4 27. Qxe4
Qxb3 28. Qxc6 Qa2 29. Qc4 Qb2 30. Rd1 Qb6 31. Rd5 Qb1+ 32. Kh2 Qb8+ 33. g3 Kg7
34. Rb5 Qd8 35. Kg1 Qd6 36. Kg2 Qd8 37. Rc5 Qd2 38. Rd5 Qb2 39. Rd8 Qb7+ 40. Kg1
Qb1+ 41. Kh2 h5 42. Qd5 g5 43. Kg2 Kh6 44. Ra8 Qb6 45. Qd3 a5 46. Qd5 Bc3 47.
Rg8 Qf6 48. Rc8 Bb4 49. Rc6 Bd6 50. Qxa5 h4 51. Qc3 Qxc3 52. Rxc3 hxg3 53. fxg3
Be5 54. Rb3 Kg6 55. Kf3 1-0

[Event "Baku Open 2014"]
[Site "Baku AZE"]
[Date "2014.09.27"]
[Round "6.17"]
[White "Kovalenko, Igor"]
[Black "Naghdiyev, Niyazi"]
[Result "1-0"]
[WhiteTitle "GM"]
[WhiteElo "2650"]
[BlackElo "2024"]
[WhiteFideId "14117908"]
[BlackFideId "13405519"]
[EventDate "2014.09.22"]

1. e4 c6 2. d4 d5 3. e5 Bf5 4. h4 h5 5. c4 e6 6. Nc3 dxc4 7. Bxc4 Nd7 8. Bg5 f6
9. exf6 gxf6 10. Be3 Nb6 11. Be2 Bg6 12. Nh3 Bd6 13. Qb3 Qd7 14. O-O Ne7 15. Bf3
Nbd5 16. Nxd5 Nxd5 17. Bxd5 exd5 18. Bf4 O-O-O 19. Bxd6 Qxd6 20. Qg3 Rhg8 21.
Qxd6 Rxd6 22. Nf4 Bf7 23. f3 Rdd8 24. Kf2 Kd7 25. Rfc1 Kd6 26. Rc3 a5 27. Rac1
Rc8 28. Rb3 Rb8 29. Rbc3 Rbc8 30. a3 b6 31. b4 axb4 32. axb4 Rc7 33. Ra3 Rb8 34.
Ra6 Re7 35. Rca1 Rbb7 36. Ra8 Re8 37. Rxe8 Bxe8 38. Ra8 Bf7 39. g4 hxg4 40. fxg4
Be6 41. Kg3 Rg7 42. Nxe6 Kxe6 43. Kf4 Rh7 44. h5 f5 45. gxf5+ Kf6 46. Rc8 1-0

[Event "Baku Open 2014"]
[Site "Baku AZE"]
[Date "2014.09.27"]
[Round "6.18"]
[White "Volokitin, Andrei"]
[Black "Aghasiyev, Kamal"]
[Result "1-0"]
[WhiteTitle "GM"]
[BlackTitle "IM"]
[WhiteElo "2642"]
[BlackElo "2394"]
[WhiteFideId "14107090"]
[BlackFideId "13402854"]
[EventDate "2014.09.22"]

1. e4 e5 2. Nf3 Nc6 3. Bb5 a6 4. Ba4 Nf6 5. O-O Be7 6. Re1 b5 7. Bb3 O-O 8. c3
d5 9. exd5 Nxd5 10. Nxe5 Nxe5 11. Rxe5 c6 12. d3 Bd6 13. Re1 Qh4 14. g3 Qh3 15.
Re4 Qd7 16. Nd2 f5 17. Re1 Kh8 18. Qh5 Nf6 19. Qh3 c5 20. Nf3 Bb7 21. Nh4 Nh5
22. Bd2 Qc6 23. Qg2 Qxg2+ 24. Nxg2 f4 25. Bd1 fxg3 26. hxg3 Bf3 27. Re6 Bc7 28.
Bxf3 Rxf3 29. Rae1 Kg8 30. Be3 Nxg3 31. fxg3 Bxg3 32. Rd1 h5 33. Bxc5 h4 34. Ne1
Rf5 35. d4 Rd8 36. Nd3 Rdd5 37. Kg2 Bc7 38. Re3 Bg3 39. Rf3 g5 40. Rdf1 Rxf3 41.
Rxf3 g4 42. Rf8+ Kh7 43. Nf4 Rg5 44. Be7 Rg7 45. Bf6 Bxf4 46. Bxg7 h3+ 47. Kh1 1-0

[Event "Baku Open 2014"]
[Site "Baku AZE"]
[Date "2014.09.27"]
[Round "6.19"]
[White "Aharon, Ofir"]
[Black "Shimanov, Aleksandr"]
[Result "1/2-1/2"]
[WhiteTitle "FM"]
[BlackTitle "GM"]
[WhiteElo "2341"]
[BlackElo "2624"]
[WhiteFideId "2800683"]
[BlackFideId "4198603"]
[EventDate "2014.09.22"]

1. e4 e6 2. d4 d5 3. Nd2 c5 4. exd5 Qxd5 5. dxc5 Nf6 6. Ngf3 Qxc5 7. Bd3 Be7 8.
Qe2 Nbd7 9. O-O Qc7 10. c4 b6 11. b3 Bb7 12. Bb2 Nc5 13. Bc2 O-O 14. Ne5 Rad8
15. Rad1 Bd6 16. Rfe1 a6 17. b4 Bxe5 18. Bxe5 Qc6 19. Nf3 Ncd7 20. Rd6 Qc8 21.
Bb2 b5 22. c5 Bd5 23. Bb1 Rfe8 24. Ne5 Nf8 25. Rxd8 Qxd8 26. Ng4 Nxg4 27. Qxg4
f6 28. Re3 Qe7 29. Qd1 Rd8 30. Rd3 Ng6 31. g3 Qe8 32. Bc2 Ne7 33. Qg4 Qf7 34.
Bb3 Re8 35. Bxd5 Nxd5 36. a3 Ra8 37. Bc3 Rd8 38. Bd2 Kf8 39. Qe4 Qg6 40. Qxg6
hxg6 41. a4 Ke7 42. axb5 axb5 43. Ra3 Nc7 44. Ra7 Kd7 45. h4 Kc6 46. Be1 e5 47.
Kf1 Rd3 48. Ke2 Rb3 49. Bd2 Rb1 50. Kd3 Kd7 51. Ke2 Kc8 52. Kd3 Kb8 53. Ra5 Kb7
54. Ke2 Rb3 55. Be1 Kc8 56. Ra7 Rb2+ 57. Bd2 Rc2 58. Kd3 Rc4 59. Ke2 Re4+ 60.
Kd3 Rd4+ 61. Ke2 Kb8 62. Ra5 Kb7 63. Be1 Re4+ 64. Kd1 Rd4+ 65. Ke2 Rd8 66. Bc3
Kc6 67. Ra7 Rb8 68. Bd2 Rh8 69. Be1 Rg8 70. Bd2 Rf8 71. Be1 Re8 72. Bc3 Rd8 73.
Be1 Rd7 74. Bd2 Rf7 75. Be1 Rf8 76. Bd2 Ra8 77. Rxa8 Nxa8 78. Kd3 Kd5 79. Bc1
Nc7 80. Bd2 Ne6 81. Be3 Nd8 82. Bd2 Nf7 83. Bc1 e4+ 84. Ke2 Ne5 85. Bd2 Nc6 86.
Ke3 Ne5 87. Ke2 Nf7 88. f3 Ne5 89. fxe4+ Kxe4 90. Bc3 Nc6 91. Be1 Nd4+ 92. Kf2
Kd3 93. g4 Ke4 94. Bc3 Ne6 95. Kg3 Nf4 96. Bd2 Ne6 97. Bc3 Kd5 98. Kf3 Kc4 99.
Be1 Kd3 100. Bg3 Nd4+ 101. Kg2 Nc6 102. Be1 Ke2 103. Bc3 f5 104. gxf5 gxf5 105.
Kg3 Ke3 106. Kg2 g6 107. Kf1 Kf3 108. Bd2 Ne7 109. Bg5 Nc6 110. Bd2 Ke4 111. Kf2
Ne7 112. Kg3 Nd5 113. c6 Ke5 114. c7 Ne7 115. Be3 Ke4 116. Bf2 Nc8 117. Bc5 Ke5
118. Kf3 Kd5 119. Kf4 Ke6 120. Kg5 Kf7 121. Bd4 Ne7 122. Kh6 Nc8 123. Bc5 Kf6
124. Bd4+ Kf7 125. Kg5 Ne7 126. Bc5 Nc8 127. Kf4 Ke6 128. Kg5 Kf7 1/2-1/2

[Event "Baku Open 2014"]
[Site "Baku AZE"]
[Date "2014.09.27"]
[Round "6.20"]
[White "Ghaem Maghami, Ehsan"]
[Black "Abdulov, Orkhan"]
[Result "1-0"]
[WhiteTitle "GM"]
[BlackTitle "IM"]
[WhiteElo "2591"]
[BlackElo "2344"]
[WhiteFideId "12500739"]
[BlackFideId "13402714"]
[EventDate "2014.09.22"]

1. d4 d5 2. Nf3 Nf6 3. c4 e6 4. g3 Be7 5. Bg2 O-O 6. O-O Nbd7 7. Qc2 Ne4 8. Nc3
Nxc3 9. Qxc3 Bf6 10. Rd1 c5 11. cxd5 exd5 12. Bf4 Re8 13. Qd2 cxd4 14. Rac1 Nb6
15. b3 Bg4 16. Nxd4 Bxd4 17. Qxd4 Bxe2 18. Re1 Rc8 19. a4 Rxc1 20. Rxc1 Ba6 21.
a5 Nd7 22. Qxd5 b6 23. h4 Nf6 24. Qxd8 Rxd8 25. Be3 Ng4 26. Bf4 Nf6 27. Bc6 Be2
28. Bc7 Rd4 29. axb6 axb6 30. b4 1-0

[Event "Baku Open 2014"]
[Site "Baku AZE"]
[Date "2014.09.27"]
[Round "6.21"]
[White "Abdulla, Khayala"]
[Black "Rasulov, Vugar"]
[Result "0-1"]
[WhiteTitle "WIM"]
[BlackTitle "GM"]
[WhiteElo "2269"]
[BlackElo "2514"]
[WhiteFideId "13401807"]
[BlackFideId "13402390"]
[EventDate "2014.09.22"]

1. e4 e5 2. Nf3 Nc6 3. d4 exd4 4. Bc4 d6 5. Nxd4 Nf6 6. O-O Be7 7. Nc3 O-O 8. f3
Nxd4 9. Qxd4 Be6 10. Be3 c6 11. a4 Nd7 12. f4 Kh8 13. Rad1 Qa5 14. Bxe6 fxe6 15.
Qc4 d5 16. Qe2 Rae8 17. Kh1 Bb4 18. Bd2 Nc5 19. exd5 exd5 20. Qf2 Ne6 21. Qf3 d4
22. Ne4 Bxd2 23. Rxd2 Nc5 24. Nxc5 Qxd2 25. Nb3 Qxc2 26. Nxd4 Qxa4 27. Qc3 Rxf4
28. Nf3 Qc4 29. Qxc4 Rxc4 30. Ne5 Re4 0-1

[Event "Baku Open 2014"]
[Site "Baku AZE"]
[Date "2014.09.27"]
[Round "6.22"]
[White "Iskandarov, Misratdin"]
[Black "Asgarizadeh, Ahmad"]
[Result "1-0"]
[WhiteTitle "IM"]
[WhiteElo "2398"]
[BlackElo "2335"]
[WhiteFideId "13400312"]
[BlackFideId "12505684"]
[EventDate "2014.09.22"]

1. e4 e5 2. Nf3 Nc6 3. Bb5 Nf6 4. O-O Nxe4 5. d4 Nd6 6. Bxc6 dxc6 7. dxe5 Nf5 8.
Qxd8+ Kxd8 9. Rd1+ Ke8 10. Nc3 Ne7 11. Nd4 Ng6 12. f4 Bg4 13. Rd3 Bc5 14. Na4
Bxd4+ 15. Rxd4 Rd8 16. Rxd8+ Kxd8 17. Be3 Kc8 18. c4 Rd8 19. h3 Be6 20. b3 h5
21. Kf2 b6 22. Nc3 Ne7 23. Rg1 Rd3 24. Ne4 Nf5 25. Bc1 h4 26. Ke2 Rd4 27. Ng5
Ng3+ 28. Kf2 Nf5 29. Nf3 Rd8 30. Ke2 Ng3+ 31. Kf2 Nf5 32. Bd2 c5 33. Rc1 Kd7 34.
Be1 Rh8 35. Rd1+ Ke7 36. Ng5 Ng3 37. Kf3 Nf5 38. Bf2 Bc8 39. Ke2 Bb7 40. Kf1 Bc6
41. Rd3 Rh6 42. Nf3 Be4 43. Rc3 a5 44. Nh2 Rh8 45. Ng4 Ke6 46. a4 Rd8 47. Ne3
Rd3 48. Rxd3 Bxd3+ 49. Ke1 Nxe3 50. Bxe3 Bc2 51. Bf2 Bxb3 52. Bxh4 Bxc4 53. g4
g6 54. Bg3 Bd3 55. Kd2 Bf1 56. h4 c4 57. h5 gxh5 58. f5+ Kd7 59. gxh5 Bh3 60.
e6+ fxe6 61. f6 c6 62. Bc7 b5 63. axb5 cxb5 64. Bxa5 e5 65. Bc3 e4 66. Ke3 Bf5
67. Kf4 Bh7 68. Kg5 Bg8 69. Kg6 1-0

[Event "Baku Open 2014"]
[Site "Baku AZE"]
[Date "2014.09.27"]
[Round "6.23"]
[White "Guliev, Logman"]
[Black "Zeynalov, Farid"]
[Result "1-0"]
[WhiteTitle "IM"]
[BlackTitle "FM"]
[WhiteElo "2377"]
[BlackElo "2277"]
[WhiteFideId "13400061"]
[BlackFideId "13402250"]
[EventDate "2014.09.22"]

1. e4 e6 2. d4 d5 3. Nc3 dxe4 4. Nxe4 Nd7 5. Nf3 Ngf6 6. Nxf6+ Nxf6 7. Bd3 c5 8.
O-O cxd4 9. Nxd4 Bc5 10. Nf3 O-O 11. b3 b6 12. Bb2 Bb7 13. Qe2 Qd5 14. Bxf6 gxf6
15. Rad1 Qh5 16. Be4 Bxe4 17. Qxe4 Rad8 18. b4 Bd6 19. Rd4 e5 20. g4 Qg6 21. Nh4
Qg5 22. Nf3 Qg6 23. Nh4 f5 24. Qg2 Qf6 25. gxf5+ Kh8 26. Rg4 Rg8 27. Kh1 h5 28.
Rxg8+ Rxg8 29. Qh3 Rg4 30. Ng2 Qxf5 31. f3 Bxb4 32. Rb1 Rg5 33. Qxf5 Rxf5 34.
Rxb4 Rxf3 35. Kg1 Ra3 36. Rh4 Kg7 37. Rxh5 f6 38. Kf2 Kg6 39. Rh8 Rxa2 40. Ne3
f5 41. Rg8+ Kf7 42. Rc8 f4 43. Nd5 Ke6 44. Nb4 Rb2 45. Nd3 Ra2 46. Kf3 Kf5 47.
Nf2 Ra3+ 48. c3 Ke6 49. h4 Kd7 50. Rc4 Ra1 51. h5 Rg1 52. h6 Rg6 53. Ng4 1-0

[Event "Baku Open 2014"]
[Site "Baku AZE"]
[Date "2014.09.27"]
[Round "6.24"]
[White "Kowsarinia, Amir"]
[Black "Kazimova, Narmin"]
[Result "1-0"]
[WhiteTitle "FM"]
[BlackTitle "WIM"]
[WhiteElo "2331"]
[BlackElo "2233"]
[WhiteFideId "12500089"]
[BlackFideId "13402951"]
[EventDate "2014.09.22"]

1. d4 e6 2. c4 b6 3. e4 Bb7 4. Nc3 Bb4 5. f3 f5 6. exf5 Nh6 7. fxe6 Nf5 8. Bf4
dxe6 9. Ne2 O-O 10. Qd2 Nc6 11. O-O-O Na5 12. Qd3 Ba6 13. b3 Qe7 14. Ne4 Ba3+
15. Kc2 h6 16. Bd2 Rad8 17. g4 Nh4 18. f4 Nc6 19. Qe3 b5 20. c5 e5 21. dxe5 b4
22. N2g3 Ng2 23. Bxg2 Bd3+ 24. Qxd3 Rxd3 25. Kxd3 Qd7+ 26. Kc2 Nd4+ 27. Kb1 Qxg4
28. Bxb4 Bxb4 29. Rxd4 a5 30. f5 Kh8 31. Rhd1 Qf4 32. e6 Qe5 33. Rd5 1-0

[Event "Baku Open 2014"]
[Site "Baku AZE"]
[Date "2014.09.27"]
[Round "6.25"]
[White "Aliyev, Rasim"]
[Black "Mammadzada, Gunay"]
[Result "0-1"]
[BlackTitle "WFM"]
[WhiteElo "2230"]
[BlackElo "2316"]
[WhiteFideId "13401084"]
[BlackFideId "13403729"]
[EventDate "2014.09.22"]

1. Nf3 d5 2. g3 Nf6 3. Bg2 Bg4 4. O-O Nbd7 5. d3 e5 6. c4 dxc4 7. dxc4 c6 8. b3
Bc5 9. Bb2 Qe7 10. h3 Bf5 11. e3 O-O-O 12. Qe2 h6 13. Nc3 g5 14. a3 g4 15. Nh4
Be6 16. b4 gxh3 17. Bf3 Bd6 18. Rfd1 Bc7 19. c5 Rhg8 20. Kh1 Bb3 21. Nf5 Qe8 22.
Nd6+ Bxd6 23. Rxd6 e4 24. Bh5 Be6 25. Rxc6+ bxc6 26. Qa6+ Kb8 27. Nb5 cxb5 28.
c6 Kc7 29. Rd1 Nd5 30. Qxa7+ Kxc6 31. Bd4 N5b6 32. Be2 Ra8 33. Bxb5+ Kxb5 34.
a4+ Kc6 35. b5+ Kd6 36. Bc5+ Ke5 37. Qc7+ Kf6 38. Qf4+ Kg6 39. Rd6 Nxc5 0-1